| 000 | 00897nam a22002897a 4500 | ||
|---|---|---|---|
| 001 | 9934 | ||
| 003 | FISKH | ||
| 005 | 20260317131150.0 | ||
| 008 | 260317b cb ||||| |||| 00| 0 eng d | ||
| 020 | _a9788184510904 | ||
| 040 |
_aFISKH _beng _cFISKH _dFISKH |
||
| 050 | _aPZ7 | ||
| 082 | _a428.1 | ||
| 100 |
_aAnonymous _eAuthor |
||
| 245 | _aWords / | ||
| 260 |
_aNew Delhi : _bDreamland Publications , _c2011 |
||
| 300 |
_a8 unnumbered pages : _bphotographs ; _c17 cm |
||
| 490 | _aMy small board book of : | ||
| 505 | _aC | ||
| 520 | _aA colorful board book that introduces young children to everyday words through bright pictures, helping build vocabulary and early language skills. | ||
| 521 | 8 |
_a100
_bLexile estimate |
|
| 521 | 8 |
_aC
_bRaz-Plus |
|
| 650 |
_aBoard book _vFirst words |
||
| 650 |
_aVocabulary _vEarly learning |
||
| 942 |
_2ddc _cBK _n0 |
||
| 999 |
_c9934 _d9934 |
||